[Event "Titled Tuesday intern op 23rd Apr Late"]
[Site "Chess.com INT"]
[Date "2024.04.23"]
[Round "5"]
[White "Riehle, Marco"]
[Black "Nefedov, Sergey Anatolievich"]
[Result "1-0"]
[WhiteElo "2370"]
[BlackElo "2258"]
[PlyCount "69"]
[EventDate "2024.04.23"]
[EventType "swiss (blitz)"]
[EventRounds "11"]
[EventCountry "USA"]
[SourceTitle "CB18_2024"]
[SourceDate "2024.05.01"]
[SourceVersion "1"]
[SourceVersionDate "2024.05.01"]
[SourceQuality "2"]

1. e4 d5 2. exd5 Qxd5 3. Nc3 Qd8 4. d4 Nf6 5. Nf3 g6 6. Bc4 Bg7 7. Qe2 0-0 8. Bg5 a6 9. 0-0-0 b5 10. Bb3 Bb7 11. h4 h5 12. Ne5 e6 13. g4 Bxh1 14. Rxh1 Qxd4 15. Rd1 Qc5 16. f4 Nxg4 17. Nxg4 hxg4 18. Ne4 Qf5 19. Ng3 Qc5 20. Ne4 Qf5 21. Ng3 Qc5 22. h5 gxh5 23. Nxh5 Qf5 24. Rg1 Nc6 25. Nxg7 Kxg7 26. Rxg4 Nd4 27. Be7+ Kh6 28. Rh4+ Kg7 29. Qg2+ Qg6 30. Rg4 Rh8 31. Rxg6+ fxg6 32. Qe4 Nf5 33. Bb4 Rae8 34. Bc3+ e5 35. Bxe5+ 1-0

[Event "Titled Tuesday intern op 15th Aug Late"]
[Site "Chess.com INT"]
[Date "2023.08.15"]
[Round "1"]
[White "Gatterer, Florian"]
[Black "Nefedov, Sergey Anatolievich"]
[Result "0-1"]
[WhiteElo "2170"]
[BlackElo "2258"]
[PlyCount "62"]
[EventDate "2023.08.15"]
[EventType "swiss (blitz)"]
[EventRounds "11"]
[EventCountry "USA"]
[SourceTitle "EXT 2024"]
[Source "ChessBase"]
[SourceDate "2023.10.10"]
[SourceVersion "1"]
[SourceVersionDate "2023.10.10"]
[SourceQuality "1"]

1. d4 d5 2. Nf3 Nf6 3. Bf4 c6 4. e3 Qb6 5. Qc1 Bg4 6. Be2 Nbd7 7. 0-0 e6 8. c4 c5 9. Nc3 Bxf3 10. dxc5 Bxc5 11. Na4 Bxe2 12. Nxb6 Bxb6 13. Re1 Bxc4 14. Bd6 Ne4 15. Ba3 f6 16. Qd1 Kf7 17. Rc1 Rhc8 18. Qh5+ Kg8 19. b3 Bb5 20. Qg4 f5 21. Qf4 Bc6 22. h4 Bc7 23. Qf3 Ne5 24. Qe2 Ba5 25. Bb2 Bxe1 26. Bxe5 Bxf2+ 27. Kf1 Bxh4 28. Qh5 Bb5+ 29. Kg1 Rxc1+ 30. Kh2 Bg3+ 31. Bxg3 Rh1+ 0-1

[Event "Titled Tuesday intern op 15th Aug Late"]
[Site "Chess.com INT"]
[Date "2023.08.15"]
[Round "2"]
[White "Nefedov, Sergey Anatolievich"]
[Black "Bullen, Alex"]
[Result "1/2-1/2"]
[WhiteElo "2258"]
[BlackElo "2128"]
[PlyCount "149"]
[EventDate "2023.08.15"]
[EventType "swiss (blitz)"]
[EventRounds "11"]
[EventCountry "USA"]
[SourceTitle "EXT 2024"]
[Source "ChessBase"]
[SourceDate "2023.10.10"]
[SourceVersion "1"]
[SourceVersionDate "2023.10.10"]
[SourceQuality "1"]

1. d4 d5 2. Nf3 Nf6 3. Bf4 c5 4. e3 Nc6 5. c3 Qb6 6. Qb3 c4 7. Qc2 Bf5 8. Qc1 e6 9. Nbd2 Be7 10. h3 h6 11. Be2 0-0 12. 0-0 Qd8 13. Bd1 b5 14. Bc2 Bxc2 15. Qxc2 a5 16. Ne5 Nxe5 17. dxe5 Nd7 18. e4 Nc5 19. exd5 Qxd5 20. Rad1 Qd3 21. Qc1 Qf5 22. Bg3 Rfd8 23. Nf3 Bg5 24. Nxg5 hxg5 25. Qe3 Nd3 26. b3 Rd5 27. Qb6 cxb3 28. axb3 a4 29. c4 bxc4 30. bxc4 Rda5 31. Ra1 Nxe5 32. Rfc1 Nd3 33. Rc3 Nf4 34. Kh2 Qe4 35. f3 Qe2 36. Bxf4 gxf4 37. c5 a3 38. Qb4 Qb2 39. Qxb2 axb2 40. Rb1 Rc8 41. Rxb2 Raxc5 42. Rxc5 Rxc5 43. h4 Kh7 44. Kh3 Kg6 45. Kg4 e5 46. Rb6+ f6 47. h5+ Kh6 48. Rb8 Kh7 49. Kf5 Rc2 50. h6 gxh6 51. Rb7+ Kg8 52. Kxf6 Rxg2 53. Kxe5 Rg7 54. Rb8+ Kh7 55. Kxf4 Rf7+ 56. Kg4 Kg6 57. f4 h5+ 58. Kg3 h4+ 59. Kg4 h3 60. Rh8 Rh7 61. Rxh7 Kxh7 62. Kxh3 Kg6 63. Kg4 Kf6 64. f5 Kf7 65. Kg5 Kg7 66. f6+ Kf7 67. Kf5 Kf8 68. Ke5 Kf7 69. Kf5 Kf8 70. Ke6 Ke8 71. Kd6 Kf7 72. Ke5 Kf8 73. Ke6 Ke8 74. f7+ Kf8 75. Kf6 1/2-1/2

[Event "Titled Tuesday intern op 11th Jul Early"]
[Site "Chess.com INT"]
[Date "2023.07.11"]
[Round "9"]
[White "Kleiman, Jake"]
[Black "Nefedov, Sergey Anatolievich"]
[Result "0-1"]
[WhiteElo "2399"]
[BlackElo "2304"]
[PlyCount "106"]
[EventDate "2023.07.11"]
[EventType "swiss (blitz)"]
[EventRounds "11"]
[EventCountry "USA"]
[SourceTitle "EXT 2024"]
[Source "ChessBase"]
[SourceDate "2023.10.10"]
[SourceVersion "1"]
[SourceVersionDate "2023.10.10"]
[SourceQuality "1"]

1. e4 d5 2. exd5 Qxd5 3. Nc3 Qd8 4. d4 Nf6 5. Bc4 g6 6. Nf3 Bg7 7. h3 0-0 8. 0-0 a6 9. a4 Nc6 10. Re1 Bf5 11. Bf4 Nb4 12. Bb3 c6 13. Qd2 Nbd5 14. Bh6 Qd6 15. Bxg7 Kxg7 16. Ne5 Be6 17. a5 Rad8 18. Na4 Nc7 19. Nc5 Qxc5 20. Bxe6 Nxe6 21. c3 Qd6 22. b4 Nd5 23. g3 Nec7 24. Rad1 Nf6 25. Re2 Nd7 26. Ng4 h5 27. Qh6+ Kg8 28. Ne3 Nd5 29. Nc4 Qf6 30. Qd2 Rfe8 31. Rde1 Nf8 32. Ne5 Ne6 33. h4 Ng7 34. Nd3 Nf5 35. Nc5 Nd6 36. Qd3 e6 37. Re5 Ne7 38. R1e2 Nef5 39. Re1 Re7 40. R1e2 Qg7 41. Qd2 Nb5 42. R5e4 Nfd6 43. Rf4 Nc7 44. Qe1 Nd5 45. Rf3 Rde8 46. Kg2 e5 47. dxe5 Rxe5 48. Rxe5 Qxe5 49. Qd2 Ne4 50. Nxe4 Qxe4 51. Qg5 Re5 52. Qd8+ Kg7 53. Qd7 Rf5 0-1

[Event "Titled Tuesday intern op 11th Jul Late"]
[Site "Chess.com INT"]
[Date "2023.07.11"]
[Round "8"]
[White "Nefedov, Sergey Anatolievich"]
[Black "Jiang, Brandon"]
[Result "1-0"]
[WhiteElo "2304"]
[BlackElo "2187"]
[PlyCount "75"]
[EventDate "2023.07.11"]
[EventType "swiss (blitz)"]
[EventRounds "11"]
[EventCountry "USA"]
[SourceTitle "EXT 2024"]
[Source "ChessBase"]
[SourceDate "2023.10.10"]
[SourceVersion "1"]
[SourceVersionDate "2023.10.10"]
[SourceQuality "1"]

1. d4 f5 2. g4 fxg4 3. h3 g3 4. fxg3 d5 5. Bg2 Nf6 6. Nc3 Bf5 7. Bg5 e6 8. e4 dxe4 9. Nxe4 Be7 10. Nxf6+ Bxf6 11. Bxf6 Qxf6 12. Bxb7 0-0 13. Nf3 Qg6 14. Rg1 Be4 15. Bxa8 Rxf3 16. Qxf3 Bxf3 17. Bxf3 Nd7 18. 0-0-0 Nb6 19. Kb1 Nc4 20. Rd3 Qg5 21. b3 Nd6 22. Bg4 Nf5 23. Re1 Qf6 24. d5 exd5 25. Rxd5 Nd6 26. Rd3 h6 27. a4 Kh7 28. Rdd1 Qf2 29. Be2 Qxg3 30. Bd3+ Kg8 31. Re7 Qf3 32. Rde1 Qc6 33. Rg1 g5 34. h4 Kf8 35. Rh7 Qf3 36. Rf1 Qxf1+ 37. Bxf1 Kg8 38. Rxh6 1-0

[Event "Titled Tuesday intern op 04th Jul Early"]
[Site "Chess.com INT"]
[Date "2023.07.04"]
[Round "6"]
[White "Buscar, Michael"]
[Black "Nefedov, Sergey Anatolievich"]
[Result "0-1"]
[WhiteElo "2041"]
[BlackElo "2304"]
[PlyCount "66"]
[EventDate "2023.07.04"]
[EventType "swiss (blitz)"]
[EventRounds "11"]
[EventCountry "USA"]
[SourceTitle "EXT 2024"]
[Source "ChessBase"]
[SourceDate "2023.10.10"]
[SourceVersion "1"]
[SourceVersionDate "2023.10.10"]
[SourceQuality "1"]

1. d4 d5 2. c4 e6 3. cxd5 exd5 4. Nf3 c6 5. Nc3 Nf6 6. Bg5 Be6 7. e3 Nbd7 8. Bd3 Bd6 9. 0-0 Qb8 10. Bh4 0-0 11. Bg3 Bxg3 12. hxg3 Qd6 13. Rb1 a6 14. b4 b5 15. a4 Nb6 16. a5 Nc4 17. Bxc4 bxc4 18. Na4 Bf5 19. Rb2 Nd7 20. Nc5 Rfb8 21. Qd2 Rb5 22. Re1 Qb8 23. Nxd7 Bxd7 24. Ne5 Qd6 25. Nxd7 Qxd7 26. Reb1 Rab8 27. Kf1 Re8 28. Ke1 Qg4 29. Qe2 Qe4 30. Qf3 Qxd4 31. Kf1 Qd3+ 32. Kg1 c3 33. Rb3 c2 0-1

[Event "Titled Tuesday intern op 04th Jul Early"]
[Site "Chess.com INT"]
[Date "2023.07.04"]
[Round "9"]
[White "Mikhailovsky, Vladimir"]
[Black "Nefedov, Sergey Anatolievich"]
[Result "0-1"]
[WhiteElo "2215"]
[BlackElo "2304"]
[PlyCount "110"]
[EventDate "2023.07.04"]
[EventType "swiss (blitz)"]
[EventRounds "11"]
[EventCountry "USA"]
[SourceTitle "EXT 2024"]
[Source "ChessBase"]
[SourceDate "2023.10.10"]
[SourceVersion "1"]
[SourceVersionDate "2023.10.10"]
[SourceQuality "1"]

1. e4 d5 2. Nc3 dxe4 3. Nxe4 Nf6 4. Bd3 Nc6 5. Nf3 e5 6. 0-0 Be7 7. Re1 0-0 8. Nxf6+ Bxf6 9. Be4 Ne7 10. b3 Bg4 11. Bxb7 Rb8 12. Be4 Nd5 13. Bb2 Re8 14. h3 Bh5 15. d4 exd4 16. Bxd4 Nc3 17. Qd3 Nxe4 18. Rxe4 Rxe4 19. Qxe4 Bxf3 20. Qxf3 Qxd4 21. Rd1 Qe5 22. g3 Qe6 23. Rd5 Qxh3 24. Rh5 Qe6 25. Qd3 g6 26. Rd5 Re8 27. Rd7 Qc6 28. Qd2 Re1+ 29. Qxe1 Qxd7 30. Qa5 Bd4 31. Qd2 Qd6 32. Kg2 Qd5+ 33. Kg1 Qe5 34. Kg2 Qe4+ 35. Kg1 Kg7 36. c3 Bb6 37. b4 Qf3 38. Kf1 h5 39. a4 a5 40. bxa5 Bxa5 41. Qd4+ Qf6 42. Qc5 Qxc3 43. Qb5 c5 44. Qd7 Bb4 45. Kg2 c4 46. a5 Bxa5 47. g4 hxg4 48. f3 Qxf3+ 49. Kh2 g3+ 50. Kh3 g2+ 51. Kh2 g1Q+ 52. Kxg1 Bb6+ 53. Kh2 Qf2+ 54. Kh3 Qf5+ 55. Kh4 Bf2# 0-1

[Event "Titled Tuesday intern op 04th Jul Early"]
[Site "Chess.com INT"]
[Date "2023.07.04"]
[Round "2"]
[White "Sovetbekova, Nurai"]
[Black "Nefedov, Sergey Anatolievich"]
[Result "0-1"]
[WhiteElo "1823"]
[BlackElo "2304"]
[PlyCount "89"]
[EventDate "2023.07.04"]
[EventType "swiss (blitz)"]
[EventRounds "11"]
[EventCountry "USA"]
[SourceTitle "EXT 2024"]
[Source "ChessBase"]
[SourceDate "2023.10.10"]
[SourceVersion "1"]
[SourceVersionDate "2023.10.10"]
[SourceQuality "1"]

1. d4 Nf6 2. c4 e6 3. Nc3 d5 4. Nf3 a6 5. Bf4 dxc4 6. e4 b5 7. b3 Bb4 8. Bd2 Bxc3 9. Bxc3 Nxe4 10. Qc2 Nxc3 11. Qxc3 cxb3 12. axb3 Bb7 13. Rc1 0-0 14. Qxc7 Bxf3 15. gxf3 Qxd4 16. Be2 Ra7 17. Qg3 Qb4+ 18. Kf1 Nd7 19. Rg1 g6 20. f4 Nf6 21. h4 Nd5 22. f5 exf5 23. h5 Qf4 24. Rc5 Qxg3 25. Rxg3 Nf6 26. Rxf5 Ne4 27. Rg4 Nd2+ 28. Kg2 Nxb3 29. h6 Rd8 30. Re5 f6 31. Re6 Nd4 32. Ree4 Nxe2 33. Rxe2 Kf7 34. Rge4 Rb8 35. Rc2 a5 36. Rc6 b4 37. Ree6 b3 38. Rxf6+ Kg8 39. Rc1 b2 40. Rb1 a4 41. Rd6 a3 42. Rd2 a2 43. Rbxb2 Rxb2 44. Rxb2 a1Q 45. Rb8+ 0-1

[Event "Titled Tuesday intern op 27th Jun Late"]
[Site "Chess.com INT"]
[Date "2023.06.27"]
[Round "8"]
[White "Nefedov, Sergey Anatolievich"]
[Black "He, Anthony B"]
[Result "0-1"]
[WhiteElo "2318"]
[BlackElo "2501"]
[PlyCount "120"]
[EventDate "2023.06.27"]
[EventType "swiss (blitz)"]
[EventRounds "11"]
[EventCountry "USA"]
[SourceTitle "EXT 2024"]
[Source "ChessBase"]
[SourceDate "2023.10.10"]
[SourceVersion "1"]
[SourceVersionDate "2023.10.10"]
[SourceQuality "1"]

1. d4 Nf6 2. Nf3 g6 3. c4 Bg7 4. Nc3 d5 5. e3 0-0 6. Qb3 c6 7. Bd2 dxc4 8. Bxc4 b5 9. Be2 a6 10. 0-0 Be6 11. Qc2 Nbd7 12. e4 Bg4 13. Rad1 Bxf3 14. Bxf3 e5 15. Be3 exd4 16. Bxd4 Qe7 17. Rfe1 Ne5 18. Be2 Rad8 19. f3 Rxd4 20. Rxd4 Qc5 21. Red1 b4 22. Kh1 bxc3 23. Qxc3 Qe7 24. Bxa6 Nh5 25. Qc1 Qh4 26. Kg1 Nf4 27. R4d2 Bh6 28. Qc3 Re8 29. Bf1 Qf6 30. a4 Bf8 31. a5 c5 32. Kh1 h5 33. a6 h4 34. a7 Ra8 35. Ra1 Ne6 36. Rd5 Bg7 37. Bb5 h3 38. Rxe5 hxg2+ 39. Kxg2 Qf4 40. Qc1 Bxe5 41. Qxf4 Nxf4+ 42. Kf1 Bxb2 43. Ra2 c4 44. Bc6 Rxa7 45. Rxa7 c3 46. Ba4 Nd3 47. Ke2 Nf4+ 48. Kf1 Ne6 49. Ke2 Kg7 50. Kd3 Kf6 51. Bc2 Ng5 52. Ke3 Ne6 53. f4 Bc1+ 54. Kf3 Nd4+ 55. Kg4 Nxc2 56. e5+ Ke6 57. Rc7 Bd2 58. Rc6+ Kd5 59. Rc7 Ne3+ 60. Kf3 c2 0-1

[Event "Titled Tuesday intern op 27th Jun Late"]
[Site "Chess.com INT"]
[Date "2023.06.27"]
[Round "4"]
[White "Nefedov, Sergey Anatolievich"]
[Black "Tristan, Leonardo"]
[Result "0-1"]
[WhiteElo "2318"]
[BlackElo "2526"]
[PlyCount "56"]
[EventDate "2023.06.27"]
[EventType "swiss (blitz)"]
[EventRounds "11"]
[EventCountry "USA"]
[SourceTitle "EXT 2024"]
[Source "ChessBase"]
[SourceDate "2023.10.10"]
[SourceVersion "1"]
[SourceVersionDate "2023.10.10"]
[SourceQuality "1"]

1. d4 d5 2. Nf3 Nf6 3. c4 e6 4. Nc3 a6 5. cxd5 exd5 6. Bg5 Be6 7. e3 Nbd7 8. Bd3 Bd6 9. Qc2 c6 10. 0-0 Qc7 11. Bh4 h6 12. Bg3 Bxg3 13. hxg3 Qd6 14. Rfe1 0-0 15. Rab1 a5 16. Na4 b6 17. Rbc1 Rfc8 18. Ne5 c5 19. Nxd7 Nxd7 20. dxc5 bxc5 21. e4 c4 22. exd5 cxd3 23. Qxc8+ Rxc8 24. Rxc8+ Kh7 25. dxe6 d2 26. Rd1 Qxe6 27. Nc3 Nf6 28. f3 Qxc8 0-1

[Event "Titled Tuesday intern op 27th Jun Late"]
[Site "Chess.com INT"]
[Date "2023.06.27"]
[Round "9"]
[White "Womacka, Mathias"]
[Black "Nefedov, Sergey Anatolievich"]
[Result "1-0"]
[WhiteElo "2390"]
[BlackElo "2318"]
[PlyCount "67"]
[EventDate "2023.06.27"]
[EventType "swiss (blitz)"]
[EventRounds "11"]
[EventCountry "USA"]
[SourceTitle "EXT 2024"]
[Source "ChessBase"]
[SourceDate "2023.10.10"]
[SourceVersion "1"]
[SourceVersionDate "2023.10.10"]
[SourceQuality "1"]

1. e4 d5 2. exd5 Qxd5 3. Nc3 Qd8 4. d4 Nf6 5. Nf3 c6 6. Bd3 Bg4 7. Be3 e6 8. h3 Bh5 9. Qe2 Be7 10. 0-0-0 Nbd7 11. g4 Bg6 12. Ne5 Nxe5 13. dxe5 Bxd3 14. Rxd3 Nd5 15. Ne4 Qc7 16. f4 0-0 17. Bd2 b5 18. h4 c5 19. g5 c4 20. Rg3 Rfd8 21. Nf6+ Kh8 22. Qh5 gxf6 23. gxf6 Nxf6 24. Qxf7 Rg8 25. exf6 Bd6 26. Rxg8+ Rxg8 27. Qxe6 Bxf4 28. f7 Bxd2+ 29. Kxd2 Qf4+ 30. Kc3 Qf3+ 31. Kb4 a5+ 32. Kxa5 Ra8+ 33. Kb6 Qxh1 34. Qf6# 1-0

[Event "Anapa Sea Harbor op"]
[Site "Anapa"]
[Date "2023.06.07"]
[Round "6"]
[White "Zhukov, Konstantin"]
[Black "Nefedov, Sergey Anatolievich"]
[Result "0-1"]
[WhiteElo "1539"]
[BlackElo "2318"]
[PlyCount "108"]
[EventDate "2023.06.02"]
[EventType "swiss"]
[EventRounds "9"]
[EventCountry "RUS"]
[SourceTitle "CBM 214 Extra"]
[Source "ChessBase"]
[SourceDate "2023.07.31"]
[SourceVersion "1"]
[SourceVersionDate "2023.07.31"]
[SourceQuality "1"]

1. d4 g6 2. c4 Bg7 3. Nf3 e6 4. Nc3 d5 5. cxd5 exd5 6. g3 Ne7 7. Bg2 Nbc6 8. 0-0 0-0 9. b3 Bg4 10. e3 Qd7 11. Qd2 Bh3 12. Ba3 Rfe8 13. Rac1 Bxg2 14. Kxg2 Nf5 15. Na4 Rad8 16. Nc5 Qc8 17. Rfe1 h5 18. Qc3 Nce7 19. Nd3 c6 20. h4 Qb8 21. Bxe7 Rxe7 22. Nde5 Bh6 23. g4 hxg4 24. Nxg4 Kg7 25. Nxh6 Nxh6 26. Kf1 Nf5 27. Ke2 Rh8 28. Rh1 Qf4 29. Rcg1 f6 30. Rh3 Rhe8 31. Nd2 Qxd4 32. Qxd4 Nxd4+ 33. Kd3 Nf5 34. h5 g5 35. Nf3 Kf7 36. Nd4 Nxd4 37. Kxd4 Re4+ 38. Kd3 Rh8 39. h6 Kg6 40. f3 Re7 41. f4 Rxh6 42. Rhg3 Rh5 43. a3 Kf5 44. fxg5 Rxg5 45. Rf1+ Ke5 46. Rh3 Rf5 47. Rc1 Kd6 48. b4 b6 49. Rb1 Rf2 50. Ra1 c5 51. bxc5+ bxc5 52. a4 c4+ 53. Kc3 Kc5 54. Rd1 Re2 0-1

[Event "Anapa Sea Harbor op"]
[Site "Anapa"]
[Date "2023.06.05"]
[Round "4"]
[White "Iljin, Timofey"]
[Black "Nefedov, Sergey Anatolievich"]
[Result "1-0"]
[WhiteElo "2319"]
[BlackElo "2300"]
[PlyCount "101"]
[EventDate "2023.06.02"]
[EventType "swiss"]
[EventRounds "9"]
[EventCountry "RUS"]
[SourceTitle "CBM 214 Extra"]
[Source "ChessBase"]
[SourceDate "2023.07.31"]
[SourceVersion "1"]
[SourceVersionDate "2023.07.31"]
[SourceQuality "1"]

1. d4 Nf6 2. c4 e6 3. Nc3 Bb4 4. e3 0-0 5. a3 Bxc3+ 6. bxc3 c5 7. Bd3 Nc6 8. Ne2 b6 9. 0-0 Ba6 10. e4 Ne8 11. f4 f5 12. exf5 exf5 13. dxc5 bxc5 14. Be3 d6 15. Ng3 g6 16. Re1 Nf6 17. Bf2 Na5 18. Nf1 Qd7 19. Ne3 Rae8 20. Bh4 Ne4 21. Nd5 Kg7 22. Qe2 h6 23. g4 Bb7 24. Qg2 Bxd5 25. cxd5 c4 26. Bxe4 fxe4 27. f5 Nb3 28. Rad1 e3 29. Re2 Nc5 30. Rd4 Kh7 31. fxg6+ Kxg6 32. Bg3 Qb5 33. h4 Qb6 34. Rxc4 Qb1+ 35. Kh2 Qd3 36. Rb4 Rf2 37. Rxf2 exf2 38. Rf4 Re2 39. Rxf2 Rxf2 40. Qxf2 Qxd5 41. h5+ Kh7 42. Qe3 Ne4 43. Qxa7+ Kg8 44. Bf4 Qa2+ 45. Kh3 Qe2 46. Qe3 Qf1+ 47. Kh2 d5 48. Bxh6 Qf6 49. Kg2 Kh7 50. g5 Qf5 51. Qa7+ 1-0

[Event "Titled Tuesday intern op 21st Mar Early"]
[Site "Chess.com INT"]
[Date "2023.03.21"]
[Round "6"]
[White "Nefedov, Sergey Anatolievich"]
[Black "Aradhya, Garg"]
[Result "1-0"]
[WhiteElo "2300"]
[BlackElo "2305"]
[PlyCount "77"]
[EventDate "2023.03.21"]
[EventType "swiss (blitz)"]
[EventRounds "11"]
[EventCountry "USA"]
[SourceTitle "EXT 2024"]
[Source "ChessBase"]
[SourceDate "2023.10.10"]
[SourceVersion "1"]
[SourceVersionDate "2023.10.10"]
[SourceQuality "1"]

1. d4 d5 2. Nf3 Nf6 3. Bf4 Bf5 4. e3 e6 5. c4 Bxb1 6. Qxb1 Bb4+ 7. Kd1 0-0 8. Bd3 c5 9. a3 Ba5 10. b4 dxc4 11. Bxc4 cxb4 12. axb4 Bc7 13. Bg3 Nc6 14. Ke2 a6 15. Rc1 Bxg3 16. hxg3 Qd6 17. b5 axb5 18. Bxb5 Nd5 19. Bxc6 bxc6 20. Ne5 Rab8 21. Qc2 Rfc8 22. Nxc6 g6 23. Qc5 Rb2+ 24. Kf3 Qd7 25. Ra7 Qe8 26. Ne7+ Qxe7 27. Rxe7 Rxc5 28. Re8+ Kg7 29. dxc5 h5 30. c6 g5 31. g4 hxg4+ 32. Kg3 Nc7 33. Rc8 Nd5 34. c7 Kf6 35. Rd8 Nxc7 36. Rxc7 Rb5 37. Rf8 Ke5 38. Rcxf7 Kd6 39. Kxg4 1-0

[Event "Titled Tuesday intern op 21st Mar Early"]
[Site "Chess.com INT"]
[Date "2023.03.21"]
[Round "7"]
[White "Pakleza, Zbigniew"]
[Black "Nefedov, Sergey Anatolievich"]
[Result "1/2-1/2"]
[WhiteElo "2492"]
[BlackElo "2300"]
[PlyCount "91"]
[EventDate "2023.03.21"]
[EventType "swiss (blitz)"]
[EventRounds "11"]
[EventCountry "USA"]
[SourceTitle "EXT 2024"]
[Source "ChessBase"]
[SourceDate "2023.10.10"]
[SourceVersion "1"]
[SourceVersionDate "2023.10.10"]
[SourceQuality "1"]

1. d4 Nf6 2. Nf3 d5 3. Bf4 Bf5 4. c4 c6 5. e3 e6 6. Nc3 Bd6 7. Bg3 0-0 8. Qb3 b6 9. Rc1 Bxg3 10. hxg3 Nbd7 11. Nh4 Bg6 12. Nxg6 hxg6 13. Be2 Qe7 14. f4 Rfd8 15. Kf2 c5 16. cxd5 cxd4 17. dxe6 dxe3+ 18. Kf3 fxe6 19. Kxe3 Nc5 20. Qc2 Kf7 21. Rcd1 Rxd1 22. Rxd1 Rd8 23. g4 Nd5+ 24. Kf3 Qf6 25. Nxd5 exd5 26. g5 Qc6 27. Bd3 d4+ 28. Kg3 Re8 29. Kf2 Qd6 30. g3 Re3 31. Bc4+ Kf8 32. Re1 Qe7 33. Rxe3 Qxe3+ 34. Kg2 d3 35. Qc3 Qe2+ 36. Kh3 Qf1+ 37. Kg4 Qe2+ 38. Kh3 Qf1+ 39. Kh2 Qf2+ 40. Kh3 d2 41. Bb3 Qe2 42. Qd4 Qf1+ 43. Kg4 Qe2+ 44. Kh3 Qf1+ 45. Kh2 Qe2+ 46. Kh3 1/2-1/2

[Event "Titled Tuesday intern op 28th Feb Late"]
[Site "Chess.com INT"]
[Date "2023.02.28"]
[Round "2"]
[White "Nefedov, Sergey Anatolievich"]
[Black "Dardha, Daniel"]
[Result "0-1"]
[WhiteElo "2300"]
[BlackElo "2612"]
[PlyCount "70"]
[EventDate "2023.02.28"]
[EventType "swiss (blitz)"]
[EventRounds "11"]
[EventCountry "USA"]
[SourceTitle "CBM 213 Extra"]
[Source "ChessBase"]
[SourceDate "2023.05.31"]
[SourceVersion "1"]
[SourceVersionDate "2023.05.31"]
[SourceQuality "1"]

1. d4 d5 2. Nf3 Nf6 3. Bf4 Bf5 4. e3 e6 5. c4 Bb4+ 6. Nc3 0-0 7. Qb3 c5 8. dxc5 Nc6 9. a3 Bxc3+ 10. Qxc3 Ne4 11. Qc1 Nxc5 12. Nd2 e5 13. Bg3 d4 14. b4 Nd3+ 15. Bxd3 Bxd3 16. e4 f5 17. exf5 e4 18. c5 Qd5 19. Qb2 Rfe8 20. Qb3 Rad8 21. Qxd5+ Rxd5 22. 0-0-0 a5 23. Rhe1 axb4 24. axb4 Nxb4 25. Nb3 Ra8 26. Rd2 Ra3 27. Rb2 Bc4 28. Nd2 Nd3+ 29. Kb1 Nxb2 30. Kxb2 Ra2+ 31. Kc1 Rxc5 32. Nxc4 Ra1+ 33. Kd2 Rxe1 34. Kxe1 Rxc4 35. Be5 b5 0-1

[Event "Titled Tuesday intern op 28th Feb Late"]
[Site "Chess.com INT"]
[Date "2023.02.28"]
[Round "6"]
[White "Oro, Faustino"]
[Black "Nefedov, Sergey Anatolievich"]
[Result "1-0"]
[WhiteElo "2211"]
[BlackElo "2300"]
[PlyCount "115"]
[EventDate "2023.02.28"]
[EventType "swiss (blitz)"]
[EventRounds "11"]
[EventCountry "USA"]
[SourceTitle "CBM 213 Extra"]
[Source "ChessBase"]
[SourceDate "2023.05.31"]
[SourceVersion "1"]
[SourceVersionDate "2023.05.31"]
[SourceQuality "1"]

1. e4 d5 2. exd5 Qxd5 3. Nc3 Qd8 4. d4 Nf6 5. Nf3 g6 6. Bc4 Bg7 7. 0-0 0-0 8. Re1 a6 9. Bb3 b5 10. Ne5 Bb7 11. Bg5 Nbd7 12. Qe2 e6 13. Rad1 Nb6 14. Nxf7 Rxf7 15. Bxe6 Qd6 16. Qe5 Ne4 17. Bxf7+ Kxf7 18. Qxd6 Nxd6 19. Re7+ Kg8 20. Rxc7 Rc8 21. Rxc8+ Nbxc8 22. b3 Nf5 23. Ne2 b4 24. f3 h6 25. Bf4 g5 26. Be5 Nce7 27. c3 bxc3 28. Nxc3 Kf7 29. Bxg7 Kxg7 30. Kf2 Kf7 31. d5 Nd6 32. Ne4 Nec8 33. Ke3 Ke7 34. Kd4 Nb6 35. Nc3 Nd7 36. Re1+ Kd8 37. Re6 Kc7 38. Re1 Nf5+ 39. Kd3 Kd6 40. Ke4 Ne7 41. Rd1 Nxd5 42. Nxd5 Nf6+ 43. Kf5 Nxd5 44. Kg6 Ke5 45. Kxh6 Ne3 46. Re1 Kf4 47. Rxe3 Kxe3 48. Kxg5 Kf2 49. h4 Kxg2 50. f4 Kf3 51. h5 Bd5 52. h6 Ke4 53. f5 Bg8 54. Kg6 Ke5 55. f6 Ke6 56. Kg7 Bf7 57. h7 Be8 58. h8Q 1-0

[Event "Titled Tuesday intern op 14th Feb Late"]
[Site "Chess.com INT"]
[Date "2023.02.14"]
[Round "2"]
[White "Kaganskiy, Gleb"]
[Black "Nefedov, Sergey Anatolievich"]
[Result "1-0"]
[WhiteElo "2183"]
[BlackElo "2300"]
[PlyCount "93"]
[EventDate "2023.02.14"]
[EventType "swiss (blitz)"]
[EventRounds "11"]
[EventCountry "USA"]
[SourceTitle "CBM 212 Extra"]
[Source "ChessBase"]
[SourceDate "2023.03.31"]
[SourceVersion "1"]
[SourceVersionDate "2023.03.31"]
[SourceQuality "1"]

1. e4 d5 2. exd5 Qxd5 3. Nc3 Qd8 4. d4 Nf6 5. Nf3 Bf5 6. Ne5 e6 7. g4 Be4 8. Nxe4 Nxe4 9. Bg2 Nd6 10. c4 c6 11. c5 Nb5 12. Be3 Nd7 13. Nc4 Be7 14. a4 Nc7 15. Bf4 0-0 16. Bd6 Nd5 17. Bxe7 Qxe7 18. 0-0 N7f6 19. Nd6 Nf4 20. Bf3 N6d5 21. Qd2 Rad8 22. Bxd5 Nxd5 23. f4 Qh4 24. Qe2 b6 25. Rae1 bxc5 26. dxc5 Rb8 27. f5 exf5 28. Nxf5 Qd8 29. Qe5 Qf6 30. Qxf6 Nxf6 31. Ne7+ Kh8 32. Re2 Rb4 33. h3 Re8 34. Rfe1 Rxa4 35. Nxc6 Rxe2 36. Rxe2 Rc4 37. b4 h6 38. Nxa7 Rxb4 39. c6 Rc4 40. Re7 Nd5 41. Rxf7 Kg8 42. Rd7 Nb6 43. Rb7 Nd5 44. Kf2 Kh7 45. Kf3 Rc3+ 46. Kg2 Nf4+ 47. Kf1 1-0

[Event "Titled Tuesday intern op 14th Feb Late"]
[Site "Chess.com INT"]
[Date "2023.02.14"]
[Round "8"]
[White "Nunez V, Gustavo Eduardo"]
[Black "Nefedov, Sergey Anatolievich"]
[Result "1-0"]
[WhiteElo "2212"]
[BlackElo "2300"]
[PlyCount "109"]
[EventDate "2023.02.14"]
[EventType "swiss (blitz)"]
[EventRounds "11"]
[EventCountry "USA"]
[SourceTitle "CBM 212 Extra"]
[Source "ChessBase"]
[SourceDate "2023.03.31"]
[SourceVersion "1"]
[SourceVersionDate "2023.03.31"]
[SourceQuality "1"]

1. e4 d5 2. exd5 Qxd5 3. Nc3 Qd8 4. d4 Nf6 5. Nf3 Bf5 6. Bd3 Bg6 7. 0-0 e6 8. Bf4 Be7 9. Re1 0-0 10. Qd2 c6 11. h3 Nd5 12. Nxd5 cxd5 13. c3 Nc6 14. Bxg6 hxg6 15. Ne5 Nxe5 16. Bxe5 Bd6 17. Qf4 Bxe5 18. dxe5 Rc8 19. Rad1 Rc4 20. Rd4 b5 21. Re3 Qe7 22. b3 Rxd4 23. Qxd4 Rc8 24. a4 a6 25. axb5 axb5 26. Qb6 b4 27. Qxb4 Qxb4 28. cxb4 Rb8 29. f4 Rxb4 30. g3 Rd4 31. Kf2 Rd2+ 32. Re2 Rd4 33. Ke3 Rb4 34. Rb2 Kf8 35. Kd3 Ke7 36. Kc3 Re4 37. Kd3 g5 38. fxg5 Rxe5 39. h4 Kd6 40. b4 Re1 41. b5 Kc7 42. Rf2 Rd1+ 43. Ke2 Rg1 44. Rxf7+ Kd6 45. Kf2 Rb1 46. Rxg7 d4 47. h5 Rb2+ 48. Kf3 Rh2 49. h6 d3 50. Rg8 Kc7 51. b6+ Kxb6 52. Rd8 d2 53. Ke3 Rh5 54. Kxd2 Kc7 55. Rg8 1-0